| 000 | 01396nam a22002537a 4500 | ||
|---|---|---|---|
| 999 |
_c332230 _d332230 |
||
| 003 | NUST | ||
| 005 | 20171120150644.0 | ||
| 008 | 110621t xxu||||| |||| 00| 0 eng d | ||
| 040 | _c0 | ||
| 082 | _a832.912 BRE | ||
| 100 |
_a Brecht, Bertolt _91040 |
||
| 245 | _aGalileo Galili | ||
| 260 |
_aErode _bRamana iyer, A.B.BOOKS _c2006 |
||
| 300 | _a155p | ||
| 500 | _aP.B | ||
| 546 | _aEnglish | ||
| 563 | _aHBC | ||
| 650 |
_aGalileo Galili _91041 |
||
| 942 |
_2ddc _cBK _kIESE |
||